000 00650nam a2200193 a 4500
001 000048110
005 20201002060927.0
008 181115s2015 dr ac 000 0 spa d
020 _a9789945167009
040 _aDO-SdBNP
_bspa
_cBNPHU
082 _axxxx
_bC322v
100 1 _aCartaya, Padre Pedro
_975589
245 1 0 _a25 Jesuitas aventureros de Dios /
_cPadre Pedro Cartaya ; prólogo Padre Marcelino García.
246 1 0 _aventicinco Jesuitas aventureros de Dios
260 _aSanto Domingo :
_bBúho,
_c2015.
300 _a57 p. :
_bil., retrs. ;
_c23 cm.
590 _aInventariado, 2018/LP
700 1 _aGarcía, Padre Marcelino,
_epról.
_975590
999 _c47598
_d47598